7 Summers Lyrics - Morgan Wallen - Statistics

General Stats
  • This quiz has been taken 490 times
  • The average score is 180 of 254
Answer Stats
Lyric % Correct
a
99%
summer
98%
you
96%
I
95%
to
94%
go
93%
the
91%
seven
90%
so
90%
that
90%
about
88%
used
88%
on
87%
your
87%
south
86%
summers
86%
where
86%
talk
84%
who
84%
ago
83%
was
83%
Yeah
83%
yeah
83%
all
82%
ol'
82%
then
82%
year
82%
big
81%
further
80%
somewhere
80%
we
80%
and
79%
boy
79%
getting
79%
round
79%
couple
78%
east
78%
from
78%
house
78%
now
78%
when
78%
wonder
78%
but
77%
or
77%
think
77%
diamond
76%
drinkin
76%
got
76%
hand
76%
know
76%
lasted
76%
tennessee
76%
white
76%
by
75%
baby
74%
even
74%
long
74%
probably
74%
driveway
73%
bet
72%
do
72%
maybe
72%
thinking
70%
find
69%
still
69%
you're
69%
yourself
68%
drinking
66%
me
66%
if
65%
better
64%
forever
64%
both
63%
said
62%
of
61%
knew
60%
it
59%
with
56%
ever
54%
sad
54%
girl
53%
sippin'
53%
sippin
53%
does
52%
make
52%
sixer
51%
southern
51%
out
50%
proud
50%
river
50%
back
49%
how
49%
little
49%
love
49%
turned
48%
were
48%
comfort
47%
his
46%
like
46%
just
44%
knows
44%
daddy's
43%
dumb
43%
younger
43%
good
42%
friday
41%
bullet
39%
coke
39%
dodged
39%
friends
37%
same
36%
bought
31%
highway
30%
few
29%
my
28%
way
28%
'cause
27%
never
27%
she
27%
anyway
26%
guess
26%
saw
26%
acres
24%
roads
24%
things
24%
off
22%
No matching quizzes found
Score Distribution
Percent of People with Each Score
Percentile by Number Answered
Your Score History
You have not taken this quiz